Регионална библиотека "Любен Каравелов" - Русе

Спартак (Запис номер 165338)

MARC детайли
000 -Лидер
Контролно поле с фиксирана дължина 01155nam a2200289 c 4500
003 - Код на организацията, давaща контролен номер
Контролно поле BLK
005 - Дата и час на последна редакция
Контролно поле 20180422114041.0
008 - Елементи от данни с фиксирана дължина
fixed length control field 180410b bul|||||r ||||||| ||bul||
010 ## - Наследен системен номер
LC control number KNG00172947000
040 ## - Източник на каталожния запис
Идентификатор на билиотеката - собственик на записа BLK
041 ## - Код за език
Код за езика на текст/звукозапис или на отделно заглавие Български
Код за езика КДБФ Български
080 ## - УДК
Текстов определител УДК Българска литература
УДК код - определител по УДК 821.163.2
УДК определител -31
УДК - код + определител 821.163.2-31
100 1# - Редна дума - Автор
Автор Даскалова, Мария
Авторска отговорност първи автор
R(LIN) 379541
139 ## - Редно поле
Редна дума Даскалова, Мария и др.
Авторски знак Дас - Д 24
245 10 - Сведения за заглавието
Заглавие Спартак
Подзаглавни данни Роман
Редно поле (дума) Мария Даскалова; съавт. Христо Милошев Данов.
257 ## - Страна на издаване
Страна на създаване/издаване България
260 ## - Област на издателските данни
-- София
Име на издателя, разпространителя и проч. Нар. просв.
Година на издаване 1977
300 ## - Физическа характеристика
Страници 215 с., 12 л.
Илюстрации и др. ил.
Размери/Мащаб 21 см
380 ## - Жанр
Жанр Худож. лит.
500 ## - Общи забележки
Забележка Авт. не са отбелязани на кор. - 40 104 тир.
700 1# - Други автори (авторска отговорност)
Лично име Данов, Христо Милошев
Автороска отговорност (Описва отношението между автора и произведението) съавт.
9 (RLIN) 382163
852 ## - Местоположение
Форматна сигнатура Цб 89047
856 4# - Електронен адрес и достъп
Електронен формат pdf - файл
Път до файла /url/
856 4# - Електронен адрес и достъп
Електронен формат pdf - файл
Път до файла /url/
942 ## - АРТИКУЛИ
Вид на библиотечния материал Книги
Скрит в OPAC Не
944 ## - СЪЗДАВАНЕ И РЕДАКЦИЯ на ЗАПИСА
Създаване/Редакция Създаване
Дата на регистрацията/редакция 12.03.2015
Статус, дата на статуса 12.03.2015 - от С1,Р / 12.03.2015
Служител, извършил регистрацията/редакцията Наталия_Любомирова
944 ## - СЪЗДАВАНЕ И РЕДАКЦИЯ на ЗАПИСА
Създаване/Редакция Редакция
Дата на регистрацията/редакция 14.09.2017
Статус, дата на статуса 12.03.2015 - от С1,Р / 12.03.2015
Служител, извършил регистрацията/редакцията Наталия_Любомирова
999 ## - СИСТЕМНИ КОНТРОЛНИ НОМЕРА
Koha biblionumber 165338
Koha biblioitemnumber 165338
Наличности
Код за отписване Код за изгубен артикул Източник на класификационната схема Код за повреда Коз за рестрикции Код за отдаване Артикулен № Име на библиотеката - собственик Име на библиотеката, в която се намира в момента Статус (Текущо местоположение) Дата на вписване в системата Местоположение - отдел Цена в лева Инвентарен номер Систематично азбучна сигнатура Баркод Номер на екземпляра Цена в евро Служебна бележка Служебен тип на артикула Бележка за публиката
  Не е изгубен Universal Decimal Classification Не е повреден само за читалня ползва се в читалня 278742 Регионална библиотека "Любен Каравелов" Русе Регионална библиотека "Любен Каравелов" Русе Хранилище 1977-01-01 Хранилище 1.33 244785 Цб 89047 120000244785 1 0.68 N: стар фонд Дата: 01.01.1977 Книги  
Изтеглен Не е изгубен Universal Decimal Classification Не е повреден без рестрикции заемане за дома 278743 Регионална библиотека "Любен Каравелов" Русе Регионална библиотека "Любен Каравелов" Русе Заемна - подръчен фонд 1977-01-01 Заемна - подръчен фонд   245305 П 886.7-31/Д 24 245305 2 0.00 N: стар фонд Дата: 01.01.1977 Книги  
Изтеглен Не е изгубен Universal Decimal Classification Не е повреден без рестрикции заемане за дома 278744 Регионална библиотека "Любен Каравелов" Русе Регионална библиотека "Любен Каравелов" Русе Заемна - подръчен фонд 1977-01-01 Заемна - подръчен фонд 1.33 245307 П 886.7-31/Д 24 245307 3 0.68 N: стар фонд Дата: 01.01.1977 Книги  
Изтеглен Не е изгубен Universal Decimal Classification Не е повреден без рестрикции заемане за дома 278745 Регионална библиотека "Любен Каравелов" Русе Регионална библиотека "Любен Каравелов" Русе Заемна - подръчен фонд 1977-01-01 Заемна - подръчен фонд 1.33 245308 П 886.7-31/Д 24 245308 4 0.68 N: стар фонд Дата: 01.01.1977 Книги  
Изтеглен Не е изгубен   Не е повреден без рестрикции заемане за дома 278746 Регионална библиотека "Любен Каравелов" Русе Регионална библиотека "Любен Каравелов" Русе   1977-01-01 Детски отдел 1.33 245178 ДХ 886.7-31/Д 24 245178 5 0.68 N: стар фонд Дата: 01.01.1977 Дата инв: 01.09.2015 Бележки инв: Д2015 Книги Отч.N: 30/2017 , Дата: 01.09.2017
Изтеглен Не е изгубен   Не е повреден без рестрикции заемане за дома 278747 Регионална библиотека "Любен Каравелов" Русе Регионална библиотека "Любен Каравелов" Русе   1977-01-01 Детски отдел 1.33 245183 ДХ 886.7-31/Д 24 245183 6 0.68 N: стар фонд Дата: 01.01.1977 Дата инв: 01.09.2015 Бележки инв: Д2015 Книги Отч.N: 26/2017 , Дата: 15.08.2017
Vip Innovations Ltd, Rousse, Bulgaria 2025